[Event "Sombor Milicevic Memorial"]
[Site "Sombor"]
[Date "2019.10.28"]
[Round "9"]
[White "Srbljanin, Dunja"]
[Black "Pavkovic, Ognjen"]
[Result "0-1"]
[WhiteElo "1222"]
[BlackElo "1041"]
[PlyCount "74"]
[EventDate "2019.10.09"]
[EventType "swiss"]
[EventRounds "9"]
[EventCountry "SRB"]
[SourceTitle "CBM 192 Extra"]
[Source "Chessbase"]
[SourceDate "2019.11.06"]
[SourceVersion "1"]
[SourceVersionDate "2019.11.06"]
[SourceQuality "1"]

1. e4 e5 2. Nf3 Nc6 3. Nc3 Nf6 4. g3 Bc5 5. Bg2 d6 6. 0-0 0-0 7. d3 h6 8. Re1 Bg4 9. Be3 Bd4 10. Bxd4 Nxd4 11. Nd5 a6 12. c3 Ne6 13. Nxf6+ Qxf6 14. h3 Bxf3 15. Bxf3 Ng5 16. Bg2 c5 17. c4 b6 18. h4 Ne6 19. Qf3 Qxf3 20. Bxf3 Nd4 21. Kg2 Nc2 22. Rac1 Nxe1+ 23. Rxe1 b5 24. cxb5 axb5 25. a3 g5 26. Rh1 Rac8 27. hxg5 hxg5 28. Bg4 Rc7 29. Bf5 f6 30. Be6+ Kg7 31. Bf5 Rh8 32. Rxh8 Kxh8 33. b4 c4 34. dxc4 bxc4 35. b5 c3 36. b6 Rb7 37. Bc8 Rxb6 0-1